Respuesta al papel que ha dado al público el bachiller D. Antonio María Herrero, ex-médico del Hospital General, sobre la enfermedad, que quitó la vida a Manuel Rodríguez / (Registro nro. 103065)
[ vista simple ]
| 000 -LEADER | |
|---|---|
| campo de control de longitud fija | 01075nam a22002295i 4500 |
| 001 - NÚMERO DE CONTROL | |
| campo de control | 103065 |
| 003 - IDENTIFICADOR DE NÚMERO DE CONTROL | |
| campo de control | ES-MaACL |
| 005 - FECHA Y HORA DE LA ÚLTIMA TRANSACCIÓN | |
| campo de control | 20250724015104.0 |
| 007 - CAMPO FIJO DE DESCRIPCIÓN FÍSICA--INFORMACIÓN GENERAL | |
| campo de control de longitud fija | t| |
| 008 - DATOS DE LONGITUD FIJA--INFORMACIÓN GENERAL | |
| campo de control de longitud fija | 060110s1757 sp ||||1| spa d |
| 040 ## - FUENTE DE CATALOGACIÓN | |
| Centro catalogador/agencia de origen | CCPB | B |
| Lengua de catalogación | spa |
| Centro/agencia transcriptor | CCPB | B |
| 080 ## - NÚMERO DE LA CLASIFICACIÓN DECIMAL UNIVERSAL | |
| Número de la Clasificación Decimal Universal | 61(049.2)"17" |
| 100 1# - ENTRADA PRINCIPAL--NOMBRE DE PERSONA | |
| Nombre de persona | López de Araujo y Azcárraga, Bernardo. |
| 9 (RLIN) | 73526 |
| 245 10 - MENCIÓN DEL TÍTULO | |
| Título | Respuesta al papel que ha dado al público el bachiller D. Antonio María Herrero, ex-médico del Hospital General, sobre la enfermedad, que quitó la vida a Manuel Rodríguez / |
| Mención de responsabilidad, etc. | por Bernardo Lopez de Araujo y Ascarraga ... ; quien la dedica al excmo. señor Conde de Miranda, y señores de la Real Junta de los Reales Hospitales de esta Corte. |
| 260 ## - PUBLICACIÓN, DISTRIBUCIÓN, ETC. | |
| Lugar de publicación, distribución, etc. | En Madrid : |
| Nombre del editor, distribuidor, etc. | en la Oficina de D. Gabriel Ramirez ..., |
| Fecha de publicación, distribución, etc. | 1757. |
| 300 ## - DESCRIPCIÓN FÍSICA | |
| Extensión | [12], 103 p. ; |
| Dimensiones | 20 cm. |
| 600 14 - PUNTO DE ACCESO ADICIONAL DE MATERIA--NOMBRE DE PERSONA | |
| Nombre de persona | Herrero, Antonio María. |
| 9 (RLIN) | 63258 |
| 650 14 - PUNTO DE ACCESO ADICIONAL DE MATERIA--TÉRMINO DE MATERIA | |
| Término de materia o nombre geográfico como elemento de entrada | Medicina- |
| Subdivisión de forma | Obras anteriores a 1800 |
| 9 (RLIN) | 14912 |
| 700 1# - ENTRADA AGREGADA--NOMBRE PERSONAL | |
| Nombre de persona | Herrero, Antonio María. |
| 9 (RLIN) | 63258 |
| 852 ## - LOCALIZACIÓN | |
| Ubicación | ES-MaACL |
| Número de control de estantería | R-3431(10) |
| Estatus retirado | Estado de pérdida | Estado de daño | No para préstamo | Colección | Biblioteca de origen | Biblioteca actual | Ubicación en estantería | Fecha de adquisición | Fuente de adquisición | Total de préstamos | Signatura topográfica completa | Código de barras | Visto por última vez | Precio de reemplazo | Tipo de ítem Koha |
|---|---|---|---|---|---|---|---|---|---|---|---|---|---|---|---|
| Libros del s. XVIII | Biblioteca del Ateneo de Madrid | Biblioteca del Ateneo de Madrid | Depósito | 17/01/2008 | R-3431(10) | 1107623 | 23/02/2023 | 23/02/2023 | Libro impreso antiguo |
